[Event "Aeroflot Open 2011"]
[Site "Moscu RUS"]
[Date "2011.02.08"]
[Round "1.21"]
[White "Shomoev, Anton"]
[Black "Grachev, Boris"]
[Result "1/2-1/2"]
[WhiteElo "2557"]
[BlackElo "2660"]
[PlyCount "77"]
[EventDate "2011.02.08"]
[EventType "swiss"]
[EventRounds "9"]
[EventCountry "RUS"]
[Source "lmi"]
[SourceDate "2011.02.08"]

1. e4 c5 2. Nf3 e6 3. d4 cxd4 4. Nxd4 Nc6 5. Nc3 Qc7 6. Be3 Nf6 7. f4 Bb4 8.
Ndb5 Qa5 9. e5 Nd5 10. Bd2 Nxc3 11. Bxc3 O-O 12. Qd2 f6 13. exf6 Rxf6 14. g3 d5
15. Bxb4 Nxb4 16. Nd4 Qc5 17. c3 Nc6 18. O-O-O Bd7 19. h4 a5 20. Bh3 a4 21.
Rhe1 Re8 22. Nc2 Rf7 23. Bg2 Rfe7 24. Re3 Kh8 25. Rde1 Rc8 26. Kb1 Be8 27. Bh3
Bg6 28. Rxe6 Rxe6 29. Bxe6 Rf8 30. f5 Bxf5 31. Bxf5 Rxf5 32. Nd4 Rf8 33. Ne6
Qf2 34. Qxf2 Rxf2 35. Nf4 h5 36. Nxd5 Rg2 37. Re4 Rg1+ 38. Kc2 Rg2+ 39. Kb1
1/2-1/2

[Event "Aeroflot Open 2011"]
[Site "Moscu RUS"]
[Date "2011.02.09"]
[Round "2.10"]
[White "Bocharov, Dmitry"]
[Black "Movsesian, Sergei"]
[Result "0-1"]
[WhiteElo "2605"]
[BlackElo "2721"]
[PlyCount "88"]
[EventDate "2011.02.08"]
[EventType "swiss"]
[EventRounds "9"]
[EventCountry "RUS"]
[Source "lmi"]
[SourceDate "2011.02.08"]

1. d4 Nf6 2. c4 e6 3. Nc3 Bb4 4. f3 d5 5. a3 Bxc3+ 6. bxc3 O-O 7. cxd5 exd5 8.
e3 b6 9. Ra2 c5 10. Rf2 Qd7 11. g4 Ba6 12. Bxa6 Nxa6 13. Ne2 Nc7 14. O-O Rad8
15. Ng3 Nfe8 16. Kh1 Nd6 17. e4 f6 18. g5 fxg5 19. Bxg5 Rde8 20. Qd3 c4 21. Qc2
Qh3 22. Bc1 h5 23. e5 Nf5 24. Rg1 Ne6 25. Qa4 Re7 26. Qc6 Rd8 27. Ne2 Qh4 28.
Rfg2 Qh3 29. Rf2 Qh4 30. Rgg2 Ree8 31. Ng3 Qh3 32. Bg5 Ne7 33. Bxe7 Rxe7 34. f4
Rc7 35. Qa4 h4 36. f5 Ng5 37. Nh5 Qe3 38. Re2 Qf3 39. Nxg7 Rxg7 40. Ref2 Qe4
41. Qc2 h3 42. Qxe4 Nxe4 43. Rxg7+ Kxg7 44. Rf3 Kf7 0-1

[Event "Aeroflot Open 2011"]
[Site "Moscu RUS"]
[Date "2011.02.11"]
[Round "4.29"]
[White "Mamedov, Nidjat"]
[Black "Korobov, Anton"]
[Result "0-1"]
[WhiteElo "2580"]
[BlackElo "2670"]
[PlyCount "66"]
[EventDate "2011.02.08"]
[EventType "swiss"]
[EventRounds "9"]
[EventCountry "RUS"]
[Source "lmi"]
[SourceDate "2011.02.08"]

1. e4 c5 2. Nf3 d6 3. d4 cxd4 4. Nxd4 Nf6 5. Nc3 a6 6. Be3 e5 7. Nb3 Be6 8. f3
h5 9. Qd2 Nbd7 10. Nd5 Bxd5 11. exd5 g6 12. Na5 Qc7 13. Be2 Bg7 14. c4 e4 15.
f4 Ng4 16. Bxg4 hxg4 17. O-O f5 18. Rab1 Nc5 19. b4 Nd3 20. c5 Qf7 21. Nc4 O-O
22. Nb6 Rad8 23. g3 g5 24. fxg5 Ne5 25. Qc2 Nf3+ 26. Kh1 Be5 27. c6 bxc6 28.
dxc6 d5 29. Bf4 Bxf4 30. gxf4 Qc7 31. Nxd5 Rxd5 32. Qb3 Rfd8 33. Rbd1 Qxf4 0-1

[Event "Aeroflot Open 2011"]
[Site "Moscu RUS"]
[Date "2011.02.12"]
[Round "5.24"]
[White "Sjugirov, Sanan"]
[Black "El Debs, Felipe de Cresce"]
[Result "1-0"]
[WhiteElo "2626"]
[BlackElo "2499"]
[PlyCount "83"]
[EventDate "2011.02.08"]
[EventType "swiss"]
[EventRounds "9"]
[EventCountry "RUS"]
[Source "lmi"]
[SourceDate "2011.02.08"]

1. e4 c6 2. d4 d5 3. e5 c5 4. Nf3 Bg4 5. Bb5+ Nc6 6. dxc5 Qa5+ 7. Nc3 e6 8. Be3
Nge7 9. h3 Bxf3 10. Qxf3 a6 11. Ba4 Ng6 12. a3 Be7 13. Qg3 Qc7 14. Bxc6+ Qxc6
15. h4 h5 16. O-O-O Bxc5 17. Bxc5 Qxc5 18. Ne2 Ne7 19. Qxg7 Rg8 20. Qh7 Rc8 21.
Nd4 Rxg2 22. Rd2 Nc6 23. Nb3 Qf8 24. Qxh5 Qg7 25. Re1 Ke7 26. Qe2 Qh6 27. Kb1
Qxh4 28. Qe3 d4 29. Qf3 Rg4 30. Nc5 Qg5 31. Ne4 Qf4 32. Qb3 b5 33. f3 Rg3 34.
Rd3 Qxe5 35. a4 b4 36. Qc4 f5 37. f4 Qxe4 38. Rxe4 Rg1+ 39. Ka2 fxe4 40. Qc5+
Kf7 41. Rh3 Rg7 42. f5 1-0

[Event "Aeroflot Open 2011"]
[Site "Moscu RUS"]
[Date "2011.02.13"]
[Round "6.10"]
[White "Yu, Yangyi"]
[Black "Riazantsev, Alexander"]
[Result "1-0"]
[WhiteElo "2606"]
[BlackElo "2689"]
[PlyCount "83"]
[EventDate "2011.02.08"]
[EventType "swiss"]
[EventRounds "9"]
[EventCountry "RUS"]
[Source "lmi"]
[SourceDate "2011.02.08"]

1. e4 c6 2. d4 d5 3. f3 e6 4. Nc3 Bb4 5. Bf4 Ne7 6. Qd3 O-O 7. O-O-O Nd7 8.
Nge2 b5 9. h4 Nb6 10. a3 Bd6 11. h5 a5 12. h6 g6 13. Bxd6 Qxd6 14. e5 Qc7 15.
Qe3 b4 16. Nb1 f6 17. exf6 Rxf6 18. Nd2 c5 19. dxc5 Nd7 20. axb4 axb4 21. Nb3
Nf5 22. Qg5 Rf7 23. c6 Qxc6 24. g4 Ne7 25. Ned4 Qb6 26. Bd3 Nc5 27. Rhe1 Nxb3+
28. Nxb3 Ba6 29. Qe3 Qc7 30. Qxe6 Bc4 31. Bxc4 dxc4 32. Rd7 Qf4+ 33. Kb1 cxb3
34. Rxe7 bxc2+ 35. Kxc2 Raf8 36. Rd1 b3+ 37. Qxb3 Rc8+ 38. Kb1 Qxf3 39. Qxf3
Rxf3 40. Rg7+ Kh8 41. Ra7 Rh3 42. g5 1-0

[Event "Aeroflot Open 2011"]
[Site "Moscu RUS"]
[Date "2011.02.16"]
[Round "9.23"]
[White "Shomoev, Anton"]
[Black "Khairullin, Ildar"]
[Result "1/2-1/2"]
[WhiteElo "2557"]
[BlackElo "2640"]
[PlyCount "35"]
[EventDate "2011.02.08"]
[EventType "swiss"]
[EventRounds "9"]
[EventCountry "RUS"]
[Source "lmi"]
[SourceDate "2011.02.08"]

1. d4 Nf6 2. c4 e6 3. Nc3 Bb4 4. Qc2 d5 5. cxd5 exd5 6. Bf4 c5 7. dxc5 Qa5 8.
e3 Nc6 9. Nge2 Bxc5 10. Rd1 O-O 11. a3 Re8 12. Qa4 Qb6 13. Nb5 a6 14. Nc7 Qxb2
15. Rd2 Qa1+ 16. Rd1 Qb2 17. Rd2 Qa1+ 18. Rd1 1/2-1/2

[Event "Aeroflot Open 2011"]
[Site "Moscu RUS"]
[Date "2011.02.16"]
[Round "9.37"]
[White "Ju, Wenjun"]
[Black "Zhou, Weiqi"]
[Result "1-0"]
[WhiteElo "2514"]
[BlackElo "2573"]
[PlyCount "83"]
[EventDate "2011.02.08"]
[EventType "swiss"]
[EventRounds "9"]
[EventCountry "RUS"]
[Source "lmi"]
[SourceDate "2011.02.08"]

1. d4 Nf6 2. c4 e6 3. Nc3 Bb4 4. f3 c5 5. d5 b5 6. e4 bxc4 7. Bxc4 Nxd5 8. Bxd5
exd5 9. Qxd5 Nc6 10. Nge2 Ba6 11. Kf2 O-O 12. Rd1 Ba5 13. Bg5 Qb6 14. Rab1 Rfe8
15. Be3 Nb4 16. Qd6 f5 17. a3 Bxe2 18. Nxe2 Qxd6 19. Rxd6 Nc2 20. Bxc5 Rac8 21.
Bxa7 fxe4 22. Rxd7 Bd8 23. Rc1 Bh4+ 24. g3 Bg5 25. f4 Bf6 26. Rd2 e3+ 27. Bxe3
Nxe3 28. Rxc8 Ng4+ 29. Kf3 Nxh2+ 30. Kg2 Rxc8 31. Kxh2 g5 32. Kg2 gxf4 33. Nxf4
Rc1 34. b4 Ra1 35. Rd3 Bb2 36. b5 Rxa3 37. Rxa3 Bxa3 38. b6 Kf7 39. b7 Bd6 40.
Nd3 Ke6 41. Nc5+ Kf5 42. Kh3 1-0